00816nam a22002057a 4500003000200000005001700002008004100019050002400060100002700084245008800111260007100199300005100270500004100321504005600362650003400418650003800452650003700490650003600527650004700563020250204153937.0250204b xxu||||| |||| 00| 0 eng d aNK 9503.5b.D4 2023 aDe Leon, Mina Kyla S.  aTapiseryab Philippine indigenous textiles design explorationcMina Kyla S. De Leon aLas Pinas CitybSouthville International School and Collegesc2023 aviii, 154 pages :bcolored pictures ; c28cm.  aBachelor of Arts in Multimedia Arts. aIncludes bibliographical references and appendices. aTextile design—Philippines. aIndigenous weaving—Philippines. aHandwoven fabrics—Philippines. aTraditional arts—Philippines. aEthnic patterns in textiles—Philippines.